000 00314nam a2200133 i 4500
001 bg
100 1 _aZIEGLER, Hans
245 0 _aAn Introduction to Thermomechanics /
_cHans Ziegler.
260 _aAmsterdam,
_c1977.
040 _cBPK
041 _apol
942 _cKS
008 s pl f |000 0 pol
999 _c19412
_d19412
856 _uhttp://koha.tu.koszalin.pl/cgi-bin/koha/opac-detail.pl?biblionumber=19412
_yKatalog online BPK